01251nam a2200241Ia 4500001000600000003000900006008004100015040001300056040001300069041001300082100001800095100002900113245006200142245004200204250001100246260001200257260001400269260004900283300006100332500056300393650002200956650003100978 472IT-RoPAU130308s9999 xx 000 0 und d aIT-RoPAU cIT-RoPAU aITALIANO aCarnap Rudolf gCodice Aut. SPICS: 8409 aControllabilità e significato (Testability and Meaning) bAnaliticita', Significanza, Induzione a1a ed. aBOLOGNA bIl Mulino c1971 [1° Ed.:1971 - Ed.Ling.Originale:1937] a"113 p. (prefazione: no ; testo: 113 [pagine: 149-261])" aConferma Controllo e Significato Verificabilità Verificazione Analisi Logica della conferma e del Controllo Alcuni termini e Simboli della Logica Riducibilità della conferma Enunciati Di.Riduzione catene introduttive riduzione e Definizione Analisi Empirica della conferma e del Controllo Predicati Osservabili e Realizzabili Confermabilità Controllabilità Positivismo e Fisicalismo Costruzione di un Sistema Linguistico Enunciati e Predicati Atomici Linguaggi Molecolari Scala dei Linguaggi Principio dell'Empirismo Confermabilità delle Previsioni aLOGICA FILOSOFICA eCodice materia Spics: 3151